000 00729nam a22002055i 4500
001 98813
003 ES-MaACL
005 20250824074917.0
007 t|
008 950918s1896 sp ||||1| spa d
040 _aCAM
_bspa
_cCAM
100 1 _aEchegaray, José,
_d1832-1916
_946526
245 1 0 _aAmor salvaje
_b: bosquejo dramático en tres actos, original y en prosa /
_cpor José Echegaray.
260 _aMadrid :
_bFlorencio Fiscowich,
_c1896 (
_fImp. Evaristo Odriózola)
300 _a74 p. ;
_c20 cm.
490 1 _aEl Teatro: colección de obras dramáticas y líricas
830 0 3 _aEl teatro: colección de obras dramática y líricas
_9221753
852 _aES-MaACL
_jB-3101(2)
999 _c98813
_d98813